000 00726nam a22002055i 4500
001 160553
003 ES-MaACL
005 20250724074949.0
008 971201s1887 sp |||| | spa d
040 _aCYL
_bspa
_cCYL
100 1 _aNavarro e Izquierdo, Luciano.
_9130408
245 1 0 _aTratado de geometría elemental y trigonometría rectilinea y esférica /
_cpor Luciano Navarro e Izquierdo.
250 _a4ª ed.
260 _aSalamanca :
_b[s.n.],
_c1887 (
_fImp. de Vicente Oliva)
300 _a266 p., 5 h. de lám. pleg. ;
_c21 cm.
650 7 _aGeometría
_2embne
_913096
650 7 _aTrigonometría
_2embne
_917647
852 _aES-MaACL
_jF-5062
_z-- Enc. pasta española
999 _c160553
_d160553